000 00595nam a2200205 a 4500
003 PILC
005 20160128140051.0
008 121012s19uu xx 00 eng d
020 _a9780745646657
050 _aB 832
_b.B135 2012
100 _aBacon, Michael.
245 _aPragmatism :
_ban introduction /
_cMichael Bacon.
260 _aCambridge, UK ; Malden, MA :
_bPolity,
_c2012.
300 _aix, 221 pages :
_c23 cm.
500 _aIncludes bibliographical references and index.
650 _aPragmatism
650 _aPragmatism
_xHistory.
942 _cBK
_2lcc
_kFOR
999 _c22389
_d22389